000 01378nam a2200265Ia 4500
001 23770
003 GE_BSU
008 181216s||||||||xx |||||||||||||| ||und||
040 _cGE_BSU
080 _a338(479.22)(09)
100 _aჯავახიშვილი, ი.
245 _aსაქართველოს ეკონომიური ისტორია. წ. 2
245 _bსურათებით.
250 _aმეორე ახლად დაწერილი გამოცემა.
260 _aტფილისი
260 _bფედერაცია
260 _c1934
300 _a708 გვ. 25 სმ.
300 _cწანართი: შემოკლებული და ქარაგმიანი სიტყვებისა და სათაურების განმარტება (VII-VIIIგვ.).
300 _eსაძიებლები შედგენილი ნ. ბერძენიშვილი და სტ. მენთეშაშვილის მიერ. - მე-2 ახლად დაწერილი გამოცემა სურათებით.
541 _h3ლ. 60თ.
653 _aეკონომიკა
653 _aსაქართველოს ეკონომიური ისტორია. წ. 2
942 _cBK
999 _c56648
_d56648